jack and oliver (Record no. 2)

MARC details
000 -LEADER
fixed length control field 00348nam a22001457a 4500
008 - FIXED-LENGTH DATA ELEMENTS--GENERAL INFORMATION
fixed length control field 221012b |||||||| |||| 00| 0 eng d
010 ## - LIBRARY OF CONGRESS CONTROL NUMBER
LC control number JK 82 Ben
020 ## - INTERNATIONAL STANDARD BOOK NUMBER
International Standard Book Number 236-65-891
050 ## - LIBRARY OF CONGRESS CALL NUMBER
Classification number JK 82 Ben
Item number 123645
245 ## - TITLE STATEMENT
Title jack and oliver
Statement of responsibility, etc. by jack hatyoka
250 ## - EDITION STATEMENT
Edition statement 3rd ed.
260 ## - PUBLICATION, DISTRIBUTION, ETC.
Place of publication, distribution, etc. lusaka
Name of publisher, distributor, etc. mwila
Date of publication, distribution, etc. 2022
300 ## - PHYSICAL DESCRIPTION
Extent 361p.
Other physical details 30cm
Accompanying material cd
942 ## - ADDED ENTRY ELEMENTS (KOHA)
Source of classification or shelving scheme Library of Congress Classification

No items available.